000 00379nam a2200133Ia 4500
008 220217s9999||||xx |||||||||||||| ||und||
020 _a81-297-0238-X
082 _a004.65 HAB
100 _aHabraken, Joe
_93358
245 0 _aSams teach yourself micro soft windows server 2003
260 _aPearson education
_bNew Delhi
_c2004
300 _b0
650 _aCOMPUTER NETWORK
999 _c171485
_d171485